[Event "Natal Elo-B"]
[Site "Natal"]
[Date "2008.02.05"]
[Round "10"]
[White "Costa Jr, Jose Arlindo"]
[Black "Pereira De Lima, Wallailton"]
[Result "1-0"]
[WhiteElo "1885"]
[BlackElo "1896"]
[PlyCount "115"]
[EventDate "2008.01.31"]
[EventType "tourn"]
[EventRounds "13"]
[EventCountry "BRA"]
[SourceTitle "EXT 2010"]
[Source "ChessBase"]
[SourceDate "2010.11.25"]
[SourceVersion "1"]
[SourceVersionDate "2010.11.25"]
[SourceQuality "1"]

1. d4 Nf6 2. c4 g6 3. Nc3 Bg7 4. e4 d6 5. Be2 0-0 6. Be3 c5 7. Qd2 cxd4 8. Bxd4 Nc6 9. Be3 Qa5 10. f3 Be6 11. Nd5 Qxd2+ 12. Bxd2 Bxd5 13. cxd5 Nd4 14. Bd3 Rac8 15. Ne2 Nd7 16. Nc3 Nc5 17. Bb1 b5 18. a3 Ncb3 19. Ra2 Nxd2 20. Kxd2 Nb3+ 21. Kc2 Na5 22. Kd3 Bxc3 23. bxc3 Rc5 24. a4 Rfc8 25. axb5 Rxc3+ 26. Ke2 Nc4 27. Rxa7 Rb3 28. Rc1 Rb2+ 29. Bc2 Rxb5 30. Bd3 Rb2+ 31. Ke1 Rb4 32. Rxe7 Kf8 33. Ra7 Rc5 34. Bxc4 Rbxc4 35. Rxc4 Rxc4 36. Kf2 Rc3 37. Rd7 Rc2+ 38. Kg3 h5 39. h4 Ke8 40. Rxd6 Ke7 41. Rc6 Rd2 42. Rc1 Kd6 43. Rf1 Ke5 44. Rf2 Rd3 45. Rc2 f5 46. exf5 gxf5 47. Rc6 f4+ 48. Kf2 Rxd5 49. Ke2 Kd4 50. Rg6 Re5+ 51. Kf2 Kd3 52. Rg5 Kd4 53. Rg7 Rc5 54. Re7 Re5 55. Rf7 Kd3 56. Rxf4 Re2+ 57. Kg3 Ke3 58. Re4+ 1-0